Регионална библиотека "Любен Каравелов" - Русе

Островът на фарисеите (Запис номер 428000)

MARC детайли
000 -Лидер
Контролно поле с фиксирана дължина 01116nam a2200265 a 4500
003 - Код на организацията, давaща контролен номер
Контролно поле BLK
005 - Дата и час на последна редакция
Контролно поле 20231221005247.0
008 - Елементи от данни с фиксирана дължина
fixed length control field 180409b bul|||||r ||||||| ||bul||
010 ## - Наследен системен номер
LC control number KNG00112068000
040 ## - Източник на каталожния запис
Идентификатор на билиотеката - собственик на записа BLK
041 ## - Код за език
Код за езика на текст/звукозапис или на отделно заглавие Български
Код за езика КДБФ Български
080 ## - УДК
Текстов определител УДК Английска литература
УДК код - определител по УДК 821.111
УДК определител -31
УДК - код + определител 821.111-31
100 1# - Редна дума - Автор
Автор Голзуърди, Джон
Авторска отговорност първи автор
R(LIN) 54763
139 ## - Редно поле
Редна дума Голзуърди, Джон
Авторски знак Гол - Г 63
245 10 - Сведения за заглавието
Заглавие Островът на фарисеите
Подзаглавни данни [Сатир. роман]
Редно поле (дума) Джон Голсуърти ; Прев. Нели Доспевска-Димова.
257 ## - Страна на издаване
Страна на създаване/издаване Великобритания
260 ## - Област на издателските данни
Име на издателя, разпространителя и проч. Нар. култура
Година на издаване 1951
9 (RLIN) 209547
Място на издаване, разпространение и проч. София
Издателство - префикс ISBN 954-04-
300 ## - Физическа характеристика
Страници 218 с.
Размери/Мащаб 21 см
380 ## - Жанр
Жанр Худож. лит.
500 ## - Общи забележки
Забележка В кн. авт. означен Джон Голсуъти ; Прев. известна като Нели Станиславова Доспевска
700 ## - Други автори (авторска отговорност)
Лично име Доспевска, Нели Станиславова
Дати, свързани с автора 1915-1988
9 (RLIN) 261711
852 ## - Местоположение
Форматна сигнатура Цб 8.210.38077
Фондова буква Хранилище
999 ## - СИСТЕМНИ КОНТРОЛНИ НОМЕРА
Koha biblionumber 428000
Koha biblioitemnumber 428000
942 ## - АРТИКУЛИ
Вид на библиотечния материал Книги
Скрит в OPAC Не
Периодичен библиозапис Да
944 ## - СЪЗДАВАНЕ И РЕДАКЦИЯ на ЗАПИСА
Създаване/Редакция Създаване
Дата на регистрацията/редакция 2021-08-11
Служител, извършил регистрацията/редакцията
Статус, дата на статуса CRON CRON
Наличности
Код за отписване Код за изгубен артикул Източник на класификационната схема Код за повреда Коз за рестрикции Код за отдаване Артикулен № Име на библиотеката - собственик Име на библиотеката, в която се намира в момента Статус (Текущо местоположение) Дата на вписване в системата Местоположение - отдел Цена в лева Инвентарен номер Систематично азбучна сигнатура Баркод Цена в евро Служебен тип на артикула
  Не е изгубен Universal Decimal Classification Не е повреден само за читалня ползва се в читалня 848255 Регионална библиотека "Любен Каравелов" Русе Регионална библиотека "Любен Каравелов" Русе Хранилище 2021-08-12 Основен фонд - ползва се само за читалня 0.37 38077-б Цб 8.210.38077 900000073845 0.19 Книги
  Не е изгубен Universal Decimal Classification Не е повреден само за читалня ползва се в читалня 848256 Регионална библиотека "Любен Каравелов" Русе Регионална библиотека "Любен Каравелов" Русе Хранилище 2021-08-12 Основен фонд - ползва се само за читалня 0.37 38077 Цб 8.210.38077 900000073846 0.19 Книги
  Не е изгубен Universal Decimal Classification Не е повреден само за читалня ползва се в читалня 848257 Регионална библиотека "Любен Каравелов" Русе Регионална библиотека "Любен Каравелов" Русе Хранилище 2021-08-12 Основен фонд - ползва се само за читалня 0.37 38077-а Цб 8.210.38077 900000073843 0.19 Книги
  Не е изгубен Universal Decimal Classification Не е повреден само за читалня ползва се в читалня 848258 Регионална библиотека "Любен Каравелов" Русе Регионална библиотека "Любен Каравелов" Русе Хранилище 2021-08-12 Основен фонд - ползва се само за читалня 0.37 38077-в Цб 8.210.38077 900000073844 0.19 Книги
Vip Innovations Ltd, Rousse, Bulgaria 2025